000 00570nam a2200217Ia 4500
003 OSt
005 20220925221753.0
006 a|||||r|||| 00| 0
007 ta
008 220923b |||||||| |||| 00| 0 eng d
037 _cGeneral Book
040 _aRTL
_cRTL
_beng
041 _2eng
_aeng
082 _aX:73, F1
100 _aHENDERSON Hubert D
_9125152
245 0 _aSupply and demand
260 _aLondon
_bNisbet & co.
_c1921
300 _axiv,177p.
_ccm.
942 _hX:73, F1
_cGB
_2CC
999 _c575298
_d575298